000 01623cam a22003494i 4500
003 PE-LiUPU
005 20250731184118.0
008 150616s r 000 0 d
035 _a(Sirsi) a8040
040 _aPE-LiUPU
_bspa
_cPE-LiUPU
_erda
049 _aPRUA
082 0 4 _a808.8485
_bM798o
_223
100 1 _aMontoya Flores, Manuel G.,
_eautor.
245 1 3 _aEl Oro de Quince Mil /
_cManuel G. Montoya Flores.
264 1 _aLima :
_bConcytec,
_c1997.
300 _a184 páginas ;
_c20 centímetros.
336 _atext
_2rdacontent
337 _aunmediated
_2rdamedia
338 _avolume
_2rdacarrier
505 0 _aEl Oro de Quince Mil.- El viaje al Cuzco.- Gavino en el Cuzco.- Preparativos para el viaje.- El viaje a quince mil.- El viaje al lavadero de tunquimayo.- Primer día de trabajo.- Encuentro con Román.- Historia de Román.- Gavino de Herrero.- Loss tres chanchitos de regalo.- El sapo volador.- El tiro fallido.- Los patrones de parranda.- El almuerzo más rico del mundo.- El fin del contrato.- Remembranzas.- El trabajo con Román.- El regreso.- Enfermedad de Román.- Gavino trabaja solo.- Segundo viaje al Cuzco.- El último viaje.- Visitas inesperadas.
526 _aP145
526 _aP127
526 _aP97
526 _aP14
526 _aP07
650 0 4 _aCuentos peruanos
_ySiglo XX.
910 _ajck
942 _2ddc
_cBK
_n0
949 _a808.8485 M798o
_wDEWEY
_c1
_i41677
_lCCODEBUL1
_mBUL
_p00.00
_r0
_sY
_tBOOK
_u19960821
_xEDUCACION
_0COMPRA
_o.STAFF. Colección General
980 _81
_gALBERTO SANCHEZ Responsable de Automatización
999 _c59349
_d59349